Praviľno menjajuščijesia funkcii

Salvato in:
Dettagli Bibliografici
Autore principale: Seneta, Eugene (Autore)
Natura: Libro
Lingua:russo
Pubblicazione: Bratislava : Nauka, 1985
Tags: Aggiungi Tag
Nessun Tag, puoi essere il primo ad aggiungerne!!

MARC

LEADER 00000nam a22000003a 4500
001 stu85999
005 20150617225633.2
008 040421s1985------------------------rus-d
040 |a STU  |b slo 
041 0 |a rus 
080 |a 519.21 
100 1 |a Seneta, Eugene  |4 aut 
245 1 |a Praviľno menjajuščijesia funkcii 
260 |a Bratislava :  |b Nauka,  |c 1985 
300 |a 141 s 
996 |b E59220  |c E*59220  |l EE03  |s P  |a 0  |w stu85999_0001